000 00332nam a2200133Ia 4500
008 191201s2000 xx 000 0 und d
082 _a658.18
_bCZI
100 _aCZINKOTA,Michael R.
245 0 _aInternational Business Update 2000
260 _aN.Delhi
_bDryden Press
_c2000
300 _a589+40
650 _aMBA
942 _2ddc
_cBK
999 _c4222
_d4222